[Event "Kalamazoo op09"]
[Site "Kalamazoo"]
[Date "1999.09.18"]
[Round "2"]
[White "Linklater, Erik"]
[Black "Kilburn, Gregory"]
[Result "1-0"]
[WhiteElo "1317"]
[BlackElo "1049"]
[PlyCount "133"]
[EventDate "1999.09.18"]
[EventType "swiss"]
[EventRounds "3"]
[EventCountry "USA"]
[SourceTitle "EXT 2007"]
[Source "ChessBase"]
[SourceDate "2006.11.23"]
[SourceVersion "1"]
[SourceVersionDate "2006.11.23"]
[SourceQuality "1"]

1. g3 c5 2. e4 d6 3. Bg2 Nf6 4. d3 e6 5. Nd2 Be7 6. Ngf3 0-0 7. 0-0 Nc6 8. c3 b5 9. Re1 Bb7 10. Qb3 a6 11. c4 b4 12. a3 a5 13. a4 Ng4 14. Qc2 Nge5 15. Nb3 Nxf3+ 16. Bxf3 e5 17. Be3 Bc8 18. Bg2 Qc7 19. Nc1 Nd4 20. Bxd4 cxd4 21. Ne2 Bg4 22. b3 Rad8 23. h3 Bh5 24. g4 Bg6 25. Qd2 Bh4 26. Rf1 h6 27. f4 exf4 28. Nxf4 Bg5 29. Qf2 Bf6 30. Nd5 Qc5 31. Nxf6+ gxf6 32. Qxf6 Qe5 33. Qxe5 dxe5 34. Rf6 Rc8 35. h4 Kg7 36. g5 hxg5 37. hxg5 Rh8 38. Bf3 Bh5 39. Kg2 Bxf3+ 40. Kxf3 Rh3+ 41. Ke2 Re3+ 42. Kd2 Rh8 43. Rh6 Rxh6 44. gxh6+ Kxh6 45. Rg1 Rh3 46. Ke2 Rh2+ 47. Kf3 Rb2 48. Kg4 Rxb3 49. Rc1 Rc3 50. Rf1 Kg7 51. Rf5 f6 52. Rf1 b3 53. Rb1 Rxd3 54. c5 Rc3 55. c6 d3 56. Kf3 d2+ 57. Ke2 Rc1 58. Kxd2 Rxc6 59. Rxb3 Rc4 60. Rb5 Rxa4 61. Kd3 Rd4+ 62. Ke3 a4 63. Ra5 f5 64. Rxe5 fxe4 65. Kxd4 a3 66. Rxe4 Kf6 67. Re2 1-0

[Event "Kalamazoo op09"]
[Site "Kalamazoo"]
[Date "1999.09.18"]
[Round "3"]
[White "Reist, Douglas"]
[Black "Linklater, Erik"]
[Result "1-0"]
[WhiteElo "1382"]
[BlackElo "1317"]
[PlyCount "85"]
[EventDate "1999.09.18"]
[EventType "swiss"]
[EventRounds "3"]
[EventCountry "USA"]
[SourceTitle "EXT 2007"]
[Source "ChessBase"]
[SourceDate "2006.11.23"]
[SourceVersion "1"]
[SourceVersionDate "2006.11.23"]
[SourceQuality "1"]

1. e4 e6 2. d4 d5 3. Nd2 c5 4. exd5 exd5 5. Bb5+ Bd7 6. Qe2+ Qe7 7. Bxd7+ Nxd7 8. dxc5 Qxe2+ 9. Nxe2 Bxc5 10. 0-0 Ngf6 11. Nb3 Bb6 12. Nbd4 0-0 13. Re1 Bc7 14. h3 Rae8 15. Bd2 Ne4 16. Bb4 Bd6 17. Bxd6 Nxd6 18. Kf1 b6 19. Nc6 Nc8 20. Ned4 Nc5 21. Nf5 f6 22. Nfe7+ Nxe7 23. Nxe7+ Kf7 24. Nxd5 Ne6 25. c3 b5 26. Rad1 g5 27. Nc7 Nxc7 28. Rd7+ Kg6 29. Rxc7 Rxe1+ 30. Kxe1 Re8+ 31. Kd2 a6 32. Rc6 a5 33. Rc5 Re5 34. Rxe5 fxe5 35. Ke3 Kf5 36. f3 h5 37. g3 g4 38. hxg4+ hxg4 39. fxg4+ Kxg4 40. Ke4 Kxg3 41. Kxe5 Kf3 42. Kd4 Ke2 43. Kc5 1-0